[Event "LLucmajor Open 2014"]
[Site "LLucmajor ESP"]
[Date "2014.05.11"]
[Round "1.2"]
[White "Fedorchuk, Sergey A"]
[Black "Louvrier Saint-Mary, Jean Roger"]
[Result "1-0"]
[WhiteElo "2638"]
[BlackElo "2033"]
[PlyCount "47"]
[EventDate "2014.05.11"]
[EventType "swiss"]
[EventRounds "9"]
[EventCountry "ESP"]
[Source "lmi"]
[SourceDate "2014.05.11"]

1. e4 c5 2. Nf3 e6 3. d4 cxd4 4. Nxd4 a6 5. Be2 Qc7 6. O-O Nf6 7. Nc3 Bd6 8. f4
Bc5 9. Kh1 Nc6 10. Nb3 Ba7 11. e5 Ng8 12. Ne4 Nge7 13. Nd6+ Kf8 14. Bd3 h5 15.
Bd2 Nd5 16. Qe1 f5 17. c4 Nde7 18. Qh4 Nd4 19. Bb4 Ndc6 20. Ba3 a5 21. Bxf5
exf5 22. Nxf5 Qd8 23. Nxe7 Nxe7 24. f5 1-0

[Event "LLucmajor Open 2014"]
[Site "LLucmajor ESP"]
[Date "2014.05.11"]
[Round "1.3"]
[White "Koziol, Kamil"]
[Black "Sumets, Andrey"]
[Result "1/2-1/2"]
[WhiteElo "2016"]
[BlackElo "2633"]
[PlyCount "78"]
[EventDate "2014.05.11"]
[EventType "swiss"]
[EventRounds "9"]
[EventCountry "ESP"]
[Source "lmi"]
[SourceDate "2014.05.11"]

1. e4 e6 2. d4 d5 3. Nc3 Nf6 4. Bg5 dxe4 5. Nxe4 Nbd7 6. Bd3 h6 7. Bxf6 Nxf6 8.
Nxf6+ Qxf6 9. Nf3 Bd7 10. Qe2 O-O-O 11. Ne5 c5 12. dxc5 Bxc5 13. O-O Kb8 14.
Nxf7 Qxf7 15. Qe5+ Ka8 16. Qxc5 Bc6 17. Qe3 Qf6 18. Be4 Bxe4 19. Qxe4 Rd2 20.
Rad1 Rxd1 21. Rxd1 Qxb2 22. Qxe6 Qxc2 23. Qd5 a6 24. g3 Rf8 25. Rd2 Qc3 26. Kg2
Qf6 27. Kg1 g5 28. Qd6 Qf3 29. Qd5 Qc3 30. Qd4 Qc1+ 31. Rd1 Qc2 32. Rd2 Qb1+
33. Kg2 Qf5 34. Qd5 Qf6 35. h3 h5 36. Qe4 h4 37. g4 Kb8 38. Qd5 Ka8 39. Qe4 Kb8
1/2-1/2

[Event "LLucmajor Open 2014"]
[Site "LLucmajor ESP"]
[Date "2014.05.11"]
[Round "1.4"]
[White "Delchev, Aleksander"]
[Black "Morais, Vitor Mestre"]
[Result "1-0"]
[WhiteElo "2628"]
[BlackElo "2004"]
[PlyCount "59"]
[EventDate "2014.05.11"]
[EventType "swiss"]
[EventRounds "9"]
[EventCountry "ESP"]
[Source "lmi"]
[SourceDate "2014.05.11"]

1. e4 d5 2. exd5 Qxd5 3. Nc3 Qd6 4. d4 Nf6 5. Nf3 a6 6. Bd3 Nc6 7. O-O Bg4 8.
Ne4 Nxe4 9. Bxe4 e6 10. c3 Be7 11. Qb3 Nd8 12. Ne5 Be2 13. Re1 f6 14. Rxe2 fxe5
15. dxe5 Qd7 16. Be3 Qb5 17. Qc2 Qxe5 18. Bd4 Qg5 19. Bxh7 Bd6 20. Qg6+ Qxg6
21. Bxg6+ Ke7 22. h3 c5 23. Be3 Kf6 24. Rd1 Be5 25. Bc2 Rc8 26. Rd7 b5 27. f4
Bb8 28. g4 e5 29. fxe5+ Kxe5 30. Bg5# 1-0

[Event "LLucmajor Open 2014"]
[Site "LLucmajor ESP"]
[Date "2014.05.11"]
[Round "1.5"]
[White "Juan Mas, Santiago"]
[Black "Anton Guijarro, David"]
[Result "0-1"]
[WhiteElo "2002"]
[BlackElo "2626"]
[PlyCount "54"]
[EventDate "2014.05.11"]
[EventType "swiss"]
[EventRounds "9"]
[EventCountry "ESP"]
[Source "lmi"]
[SourceDate "2014.05.11"]

1. d4 Nf6 2. Nc3 d5 3. Bg5 e6 4. e4 Be7 5. Bxf6 Bxf6 6. Nf3 O-O 7. Qd2 c6 8. e5
Be7 9. Bd3 c5 10. dxc5 Nd7 11. O-O-O Nxc5 12. Kb1 Bd7 13. h4 Rc8 14. Rh3 f5 15.
h5 Qb6 16. Ka1 Ne4 17. Bxe4 fxe4 18. Nd4 Rc4 19. f4 Rxd4 20. Qxd4 Qxd4 21. Rxd4
Rxf4 22. b4 Be8 23. Nd1 Bd8 24. c4 Bc7 25. Kb1 Bxe5 26. Rd2 d4 27. Ne3 dxe3 0-1

[Event "LLucmajor Open 2014"]
[Site "LLucmajor ESP"]
[Date "2014.05.11"]
[Round "1.6"]
[White "Agdestein, Simen"]
[Black "Gaitan Moyano, Juan"]
[Result "1-0"]
[WhiteElo "2625"]
[BlackElo "1987"]
[PlyCount "55"]
[EventDate "2014.05.11"]
[EventType "swiss"]
[EventRounds "9"]
[EventCountry "ESP"]
[Source "lmi"]
[SourceDate "2014.05.11"]

1. e4 c5 2. Nf3 d6 3. d4 cxd4 4. Nxd4 Nf6 5. Nc3 a6 6. h3 e6 7. g4 h6 8. Bg2
Be7 9. Be3 Nbd7 10. f4 Qc7 11. Qe2 Nb6 12. O-O Bd7 13. g5 Ng8 14. g6 fxg6 15.
Qg4 O-O-O 16. Nxe6 Bxe6 17. Qxe6+ Kb8 18. Qb3 Nd7 19. Nd5 Qc8 20. Qa3 Ndf6 21.
Nb6 Qc7 22. b4 Nd7 23. Nd5 Qc4 24. b5 Nc5 25. Rab1 Bf6 26. Rb4 Qxc2 27. bxa6
Rd7 28. a7+ 1-0

[Event "LLucmajor Open 2014"]
[Site "LLucmajor ESP"]
[Date "2014.05.11"]
[Round "2.2"]
[White "Sudakova, Irina"]
[Black "Fedorchuk, Sergey A"]
[Result "0-1"]
[WhiteElo "2356"]
[BlackElo "2638"]
[PlyCount "62"]
[EventDate "2014.05.11"]
[EventType "swiss"]
[EventRounds "9"]
[EventCountry "ESP"]
[Source "lmi"]
[SourceDate "2014.05.11"]

1. e4 c5 2. Nf3 e6 3. d4 cxd4 4. Nxd4 a6 5. Nc3 Qc7 6. Be2 Nf6 7. f4 d6 8. Be3
b5 9. Bf3 Bb7 10. f5 b4 11. Na4 e5 12. Nb3 Nbd7 13. c3 d5 14. exd5 e4 15. Be2
Nxd5 16. Qd4 Nxe3 17. Qxe3 Bd6 18. cxb4 Bxb4+ 19. Nc3 O-O 20. O-O Nf6 21. Rac1
Qe5 22. Na4 Bd5 23. Nb6 Rab8 24. Nxd5 Nxd5 25. Qd4 Qxd4+ 26. Nxd4 Bd2 27. Rcd1
Rxb2 28. f6 g6 29. Nc6 Nc3 30. Ne7+ Kh8 31. Rxd2 Nxe2+ 0-1

[Event "LLucmajor Open 2014"]
[Site "LLucmajor ESP"]
[Date "2014.05.11"]
[Round "2.3"]
[White "Bartel, Marta"]
[Black "Delchev, Aleksander"]
[Result "0-1"]
[WhiteElo "2330"]
[BlackElo "2628"]
[PlyCount "74"]
[EventDate "2014.05.11"]
[EventType "swiss"]
[EventRounds "9"]
[EventCountry "ESP"]
[Source "lmi"]
[SourceDate "2014.05.11"]

1. d4 e6 2. Nf3 c5 3. c4 cxd4 4. Nxd4 Nf6 5. Nc3 a6 6. g3 Qc7 7. Qa4 Nc6 8.
Nxc6 dxc6 9. Bg2 Be7 10. O-O O-O 11. Qc2 e5 12. b3 Be6 13. Bb2 Rad8 14. Ne4 Nd7
15. Rad1 a5 16. f4 f6 17. f5 Bf7 18. g4 Nc5 19. Kh1 Rxd1 20. Rxd1 Rd8 21. Rxd8+
Qxd8 22. Nxc5 Bxc5 23. Qd3 Qe7 24. Bc1 h5 25. h3 a4 26. Bd2 Bb6 27. b4 e4 28.
Bxe4 Qe5 29. Kg2 a3 30. Bc3 Qf4 31. e3 Bxe3 32. Bf3 Bxc4 33. Qd8+ Kh7 34. Qe8
Qh6 35. Qa8 hxg4 36. Bxg4 Qf4 37. Bf3 Bd5 0-1

[Event "LLucmajor Open 2014"]
[Site "LLucmajor ESP"]
[Date "2014.05.11"]
[Round "2.4"]
[White "Anton Guijarro, David"]
[Black "Lillo Castan, Victor"]
[Result "1-0"]
[WhiteElo "2626"]
[BlackElo "2312"]
[PlyCount "95"]
[EventDate "2014.05.11"]
[EventType "swiss"]
[EventRounds "9"]
[EventCountry "ESP"]
[Source "lmi"]
[SourceDate "2014.05.11"]

1. d4 Nf6 2. c4 g6 3. Nf3 Bg7 4. e3 O-O 5. Be2 b6 6. Nc3 Bb7 7. O-O d5 8. cxd5
Nxd5 9. Bd2 Nd7 10. Nxd5 Bxd5 11. Bc3 Nf6 12. Nd2 Bb7 13. Bf3 Bxf3 14. Nxf3 Ne4
15. Qc2 Nxc3 16. bxc3 c5 17. a4 Rc8 18. Qb3 cxd4 19. cxd4 Qc7 20. a5 e5 21.
axb6 axb6 22. dxe5 Bxe5 23. Ra6 Rb8 24. Nxe5 Qxe5 25. Rxb6 Rfd8 26. g3 Rxb6 27.
Qxb6 Rd2 28. Qb4 Qb2 29. Qf4 h5 30. e4 Qd4 31. Rc1 Kg7 32. Rc7 Rd1+ 33. Kg2 Qf6
34. Qe3 Qa1 35. Qf3 Rg1+ 36. Kh3 Qf6 37. Qxf6+ Kxf6 38. f4 Re1 39. e5+ Ke6 40.
Kh4 Re2 41. h3 Rh2 42. Rc6+ Ke7 43. Rf6 Re2 44. g4 hxg4 45. hxg4 Re3 46. Kg5
Re1 47. Kh6 Re4 48. g5 1-0

[Event "LLucmajor Open 2014"]
[Site "LLucmajor ESP"]
[Date "2014.05.11"]
[Round "2.5"]
[White "Garcia del Rey, Senen"]
[Black "Agdestein, Simen"]
[Result "0-1"]
[WhiteElo "2324"]
[BlackElo "2625"]
[PlyCount "110"]
[EventDate "2014.05.11"]
[EventType "swiss"]
[EventRounds "9"]
[EventCountry "ESP"]
[Source "lmi"]
[SourceDate "2014.05.11"]

1. e4 e5 2. Nf3 Nc6 3. Nc3 d6 4. d4 Bg4 5. dxe5 dxe5 6. Qxd8+ Rxd8 7. Bb5 Bd6
8. Bxc6+ bxc6 9. Be3 Bxf3 10. gxf3 Ne7 11. Na4 f5 12. b3 Rf8 13. Ke2 Ng6 14.
Rhg1 Nf4+ 15. Kf1 Ne6 16. Rd1 Rd7 17. c3 Rdf7 18. b4 Ke7 19. Rd2 a5 20. Bc5
axb4 21. cxb4 Ra8 22. Nb6 Rb8 23. Nc4 Bxc5 24. bxc5 Rb1+ 25. Kg2 Rxg1+ 26. Kxg1
Kf6 27. exf5 Nd4 28. Kg2 Kxf5 29. Rd3 Ke6 30. Re3 Rf5 31. f4 Kd5 32. Nxe5 Kxc5
33. Kg3 Kd5 34. Nf3 c5 35. Re7 Kd6 36. Re4 Rd5 37. Ne5 g6 38. Kg4 Ne6 39. Nf7+
Kd7 40. Ng5 h5+ 41. Kf3 Nxg5+ 42. fxg5 Rxg5 43. Ke3 Rg1 44. Rc4 Kc6 45. h4 Kd5
46. Ra4 Rh1 47. f3 c4 48. Ra5+ c5 49. Ra6 Rxh4 50. Rxg6 Rh1 51. Rg2 h4 52. Rd2+
Kc6 53. f4 h3 54. Kf3 c3 55. Rc2 h2 0-1

[Event "LLucmajor Open 2014"]
[Site "LLucmajor ESP"]
[Date "2014.05.11"]
[Round "2.6"]
[White "Peralta, Fernando"]
[Black "Nicolas Zapata, Irene"]
[Result "1-0"]
[WhiteElo "2607"]
[BlackElo "2303"]
[PlyCount "77"]
[EventDate "2014.05.11"]
[EventType "swiss"]
[EventRounds "9"]
[EventCountry "ESP"]
[Source "lmi"]
[SourceDate "2014.05.11"]

1. d4 Nf6 2. c4 e6 3. Nc3 Bb4 4. e3 b6 5. Bd3 Bb7 6. Nf3 Ne4 7. O-O Bxc3 8.
bxc3 Nxc3 9. Qc2 Bxf3 10. gxf3 Qg5+ 11. Kh1 Qh5 12. Rg1 Qxf3+ 13. Rg2 f5 14.
Bb2 Ne4 15. Rf1 Nc6 16. Be2 Qh3 17. f3 Nf6 18. d5 Ne7 19. dxe6 dxe6 20. Rxg7
Nh5 21. Qa4+ c6 22. Rg2 Rf8 23. f4 Nf6 24. Rg3 Qh4 25. Bf3 Rd8 26. Bxc6+ Kf7
27. Bxf6 Kxf6 28. Bg2 Rg8 29. Rxg8 Rxg8 30. Qxa7 Qg4 31. Qb7 Qe2 32. Qf3 Qxc4
33. Qh3 Nd5 34. Qh6+ Kf7 35. Qxh7+ Rg7 36. Qh5+ Kf8 37. Rg1 Nxe3 38. Qh8+ Kf7
39. Qxg7+ 1-0

[Event "LLucmajor Open 2014"]
[Site "LLucmajor ESP"]
[Date "2014.05.12"]
[Round "3.2"]
[White "Fedorchuk, Sergey A"]
[Black "Lalic, Bogdan"]
[Result "1-0"]
[WhiteElo "2638"]
[BlackElo "2470"]
[PlyCount "105"]
[EventDate "2014.05.11"]
[EventType "swiss"]
[EventRounds "9"]
[EventCountry "ESP"]
[Source "lmi"]
[SourceDate "2014.05.11"]

1. e4 c5 2. Nf3 Nc6 3. Nc3 g6 4. d4 cxd4 5. Nxd4 Bg7 6. Nb3 Nf6 7. Be2 d6 8.
Bg5 a5 9. a4 O-O 10. O-O Be6 11. Qd2 Nd7 12. Rad1 Bxb3 13. cxb3 Nc5 14. Qe3 Ne6
15. Bh6 Ned4 16. Bc4 Bxh6 17. Qxh6 e6 18. f4 Qf6 19. f5 exf5 20. g4 Rae8 21.
exf5 Qg7 22. Qxg7+ Kxg7 23. Rf4 d5 24. Bxd5 Ne2+ 25. Nxe2 Rxe2 26. f6+ Kh6 27.
Bf3 Re5 28. Kf2 g5 29. Rf5 Rxf5 30. gxf5 g4 31. Bxg4 Kg5 32. Bf3 Ne5 33. Rd5
Kf4 34. Be2 b6 35. b4 Rc8 36. Rd4+ Kxf5 37. Ke3 Rc2 38. bxa5 bxa5 39. Rf4+ Ke6
40. b4 axb4 41. Rxb4 Kxf6 42. a5 Ra2 43. a6 Ke7 44. Rb6 f5 45. Bb5 Kd8 46. Rb7
Kc8 47. Kd4 Nf3+ 48. Kc5 Ne5 49. Re7 Rc2+ 50. Kb6 Nc4+ 51. Bxc4 Rxc4 52. a7 Ra4
53. Re8+ 1-0

[Event "LLucmajor Open 2014"]
[Site "LLucmajor ESP"]
[Date "2014.05.12"]
[Round "3.3"]
[White "Delchev, Aleksander"]
[Black "Ninov, Nikolai"]
[Result "1/2-1/2"]
[WhiteElo "2628"]
[BlackElo "2462"]
[PlyCount "116"]
[EventDate "2014.05.11"]
[EventType "swiss"]
[EventRounds "9"]
[EventCountry "ESP"]
[Source "lmi"]
[SourceDate "2014.05.11"]

1. d4 d5 2. Bf4 Nf6 3. e3 c5 4. c3 Nc6 5. Nd2 Qb6 6. Qb3 Qxb3 7. axb3 Nh5 8.
Bc7 Kd7 9. Bb6 cxd4 10. exd4 Nf4 11. Ngf3 f6 12. b4 Rb8 13. Bxa7 Ra8 14. b5
Nxa7 15. b6 Kc6 16. Rxa7 Rb8 17. g3 Kxb6 18. Ra1 Ng6 19. h4 e6 20. h5 Ne7 21.
Bh3 g5 22. O-O Rg8 23. Nh2 Nc6 24. Rfe1 f5 25. b4 g4 26. Bf1 Kc7 27. b5 Nd8 28.
Nb3 Rg5 29. c4 dxc4 30. Bxc4 Kd6 31. d5 e5 32. Nd2 Nf7 33. Bb3 Ke7 34. d6+ Nxd6
35. Rxe5+ Kf6 36. Rae1 Bd7 37. Nc4 Nxc4 38. Bxc4 Bb4 39. R1e2 Rc8 40. Rd5 Be8
41. Rd4 Rxh5 42. Re6+ Kg7 43. Bd3 Bc5 44. Rd5 Bxf2+ 45. Kg2 Bf7 46. Rd7 Bc5 47.
Bc4 Rf8 48. Re5 b6 49. Nxg4 Rg5 50. Nh6 Kxh6 51. Bxf7 f4 52. Re6+ Kg7 53. Bg6+
Kh8 54. Rxh7+ Kg8 55. Rh3 f3+ 56. Kf1 Ra8 57. Bd3 Ra1+ 58. Re1 Rxe1+ 1/2-1/2

[Event "LLucmajor Open 2014"]
[Site "LLucmajor ESP"]
[Date "2014.05.12"]
[Round "3.4"]
[White "Kalegin, Evgenij"]
[Black "Anton Guijarro, David"]
[Result "1/2-1/2"]
[WhiteElo "2461"]
[BlackElo "2626"]
[PlyCount "46"]
[EventDate "2014.05.11"]
[EventType "swiss"]
[EventRounds "9"]
[EventCountry "ESP"]
[Source "lmi"]
[SourceDate "2014.05.11"]

1. e4 c5 2. Nf3 Nc6 3. Bb5 e6 4. O-O Nge7 5. Nc3 a6 6. Bxc6 Nxc6 7. d4 cxd4 8.
Nxd4 Qc7 9. Re1 Bd6 10. Nxc6 bxc6 11. Qh5 Be5 12. f4 Bd4+ 13. Kh1 O-O 14. e5 d5
15. exd6 Qxd6 16. Ne4 Qd5 17. Qe2 Qb5 18. c3 Ba7 19. c4 Qf5 20. Nd6 Qf6 21. Ne4
Qf5 22. Nd6 Qf6 23. Ne4 Qf5 1/2-1/2

[Event "LLucmajor Open 2014"]
[Site "LLucmajor ESP"]
[Date "2014.05.12"]
[Round "3.5"]
[White "Agdestein, Simen"]
[Black "Andersen, Mads"]
[Result "1-0"]
[WhiteElo "2625"]
[BlackElo "2452"]
[PlyCount "49"]
[EventDate "2014.05.11"]
[EventType "swiss"]
[EventRounds "9"]
[EventCountry "ESP"]
[Source "lmi"]
[SourceDate "2014.05.11"]

1. d4 d5 2. c4 c6 3. Nc3 Nf6 4. Nf3 e6 5. g3 Nbd7 6. Bg2 dxc4 7. O-O b5 8. e4
Bb7 9. e5 Nd5 10. Ng5 Be7 11. Qh5 g6 12. Qh6 Bf8 13. Qh3 Be7 14. Nce4 Qc7 15.
Re1 Nf8 16. Qh6 Rg8 17. Bd2 Qb6 18. Nc5 Rd8 19. Nge4 f5 20. exf6 Nxf6 21. Ba5
Qxa5 22. Nxb7 Qc7 23. Nxd8 Bxd8 24. Nc5 Kf7 25. Bh3 1-0

[Event "LLucmajor Open 2014"]
[Site "LLucmajor ESP"]
[Date "2014.05.12"]
[Round "3.6"]
[White "Gonzalez de la Torre, Santiago"]
[Black "Peralta, Fernando"]
[Result "1-0"]
[WhiteElo "2451"]
[BlackElo "2607"]
[PlyCount "73"]
[EventDate "2014.05.11"]
[EventType "swiss"]
[EventRounds "9"]
[EventCountry "ESP"]
[Source "lmi"]
[SourceDate "2014.05.11"]

1. e4 c6 2. d4 d5 3. Nc3 dxe4 4. Nxe4 Bf5 5. Ng3 Bg6 6. h4 h6 7. Nf3 Nd7 8. h5
Bh7 9. Bd3 Bxd3 10. Qxd3 e6 11. Bd2 Ngf6 12. O-O-O Be7 13. Kb1 O-O 14. Ne4 Nxe4
15. Qxe4 Nf6 16. Qe2 Qd5 17. Be3 b5 18. Ne5 Bd6 19. f4 Qe4 20. Rhe1 Bb4 21. Rf1
Nd5 22. Rf3 Rac8 23. Nd3 c5 24. Nf2 Qh7 25. dxc5 Nxe3 26. Rxe3 Bxc5 27. Re5
Bxf2 28. Qxf2 a6 29. a3 Rfd8 30. Rxd8+ Rxd8 31. f5 exf5 32. Qb6 Rf8 33. Qxa6 f4
34. Qxb5 Kh8 35. Re8 Qg8 36. Rxf8 Qxf8 37. c4 1-0

[Event "LLucmajor Open 2014"]
[Site "LLucmajor ESP"]
[Date "2014.05.13"]
[Round "4.1"]
[White "Castellanos Rodriguez, Renier"]
[Black "Fedorchuk, Sergey A"]
[Result "0-1"]
[WhiteElo "2474"]
[BlackElo "2638"]
[PlyCount "79"]
[EventDate "2014.05.11"]
[EventType "swiss"]
[EventRounds "9"]
[EventCountry "ESP"]
[Source "lmi"]
[SourceDate "2014.05.11"]

1. e4 c5 2. Nf3 e6 3. d4 cxd4 4. Nxd4 a6 5. Bd3 Bc5 6. Nb3 Be7 7. O-O d6 8. Qg4
g6 9. Qg3 Nd7 10. c4 b6 11. Nc3 Bb7 12. Rd1 h5 13. h3 h4 14. Qe3 Ngf6 15. a4
Nc5 16. Bc2 Qc7 17. Nd2 g5 18. b4 Ncd7 19. a5 bxa5 20. Rxa5 g4 21. Ba4 Rg8 22.
Kf1 Rg6 23. Bb2 gxh3 24. gxh3 Kf8 25. Bb3 Ne5 26. Raa1 Nh5 27. Ne2 Bg5 28. Qd4
Bf6 29. Qe3 Bg5 30. Qd4 Rd8 31. Bc3 f5 32. exf5 exf5 33. f4 Qc6 34. fxe5 Qh1+
35. Kf2 Qh2+ 36. Ke1 Nf4 37. Nxf4 Bxf4 38. Nf1 Bg3+ 39. Nxg3 Rxg3 40. e6 0-1

[Event "LLucmajor Open 2014"]
[Site "LLucmajor ESP"]
[Date "2014.05.13"]
[Round "4.2"]
[White "Gonzalez de la Torre, Santiago"]
[Black "Agdestein, Simen"]
[Result "0-1"]
[WhiteElo "2451"]
[BlackElo "2625"]
[PlyCount "166"]
[EventDate "2014.05.11"]
[EventType "swiss"]
[EventRounds "9"]
[EventCountry "ESP"]
[Source "lmi"]
[SourceDate "2014.05.11"]

1. e4 e5 2. Nf3 Nc6 3. Bb5 Nf6 4. O-O Nxe4 5. d4 Nd6 6. Bxc6 dxc6 7. dxe5 Nf5
8. Qxd8+ Kxd8 9. Nc3 Bd7 10. h3 b6 11. Rd1 Kc8 12. Ng5 Be8 13. g4 Nh4 14. e6
fxe6 15. Nxe6 Bd7 16. Bg5 Nf3+ 17. Kg2 Bxe6 18. Kxf3 Bd6 19. Re1 Kd7 20. Re3 h5
21. Rg1 hxg4+ 22. hxg4 Raf8+ 23. Ke2 Bc4+ 24. Ke1 Bc5 25. Ne4 Bxe3 26. Bxe3 c5
27. Kd2 Rh2 28. Ng3 Bd5 29. Kd3 g6 30. Ne4 Kc6 31. Rf1 Rd8 32. a4 Be6+ 33. Kc3
Bxg4 34. Rg1 Bf5 35. Ng3 Rh7 36. b3 Rf7 37. Rh1 Kb7 38. Rh6 Rdd7 39. Rh8 Rh7
40. Rg8 Rdg7 41. Rf8 Rf7 42. Rg8 Rfg7 43. Rf8 Rf7 44. Rg8 Rh4 45. Nf1 Rfh7 46.
Rf8 Be6 47. Rf6 Bf7 48. Bf4 Rh3+ 49. Bg3 g5 50. Ne3 R3h6 51. Rf5 Rg6 52. Nf1
Be6 53. Re5 Rf7 54. Nd2 Kc6 55. Re3 g4 56. Re5 Kd7 57. Rh5 Kc6 58. Rh8 Rgf6 59.
Ne4 Rf5 60. Rh2 Bd5 61. Nd2 a6 62. Nf1 Rf3+ 63. Ne3 Re7 64. Rh6+ Kb7 65. Rh5
Bc6 66. Re5 Rxe5 67. Bxe5 Rxf2 68. Nxg4 Rf5 69. Bh8 c4 70. bxc4 Bxa4 71. Ne3
Rf3 72. Kd3 c5 73. Ke2 Bc6 74. Bb2 Be4 75. Bc1 Rh3 76. Kd2 Rh1 77. Bb2 Kc6 78.
Be5 Rb1 79. Nd1 Bg6 80. Nb2 Rg1 81. Nd3 Bxd3 82. Kxd3 a5 83. Bb2 a4 0-1

[Event "LLucmajor Open 2014"]
[Site "LLucmajor ESP"]
[Date "2014.05.13"]
[Round "4.3"]
[White "Sielecki, Christof"]
[Black "Solodovnichenko, Yuri"]
[Result "0-1"]
[WhiteElo "2405"]
[BlackElo "2574"]
[PlyCount "82"]
[EventDate "2014.05.11"]
[EventType "swiss"]
[EventRounds "9"]
[EventCountry "ESP"]
[Source "lmi"]
[SourceDate "2014.05.11"]

1. d4 d5 2. c4 e6 3. Nf3 c6 4. Qc2 Nf6 5. Bg5 h6 6. Bh4 Qa5+ 7. Nc3 dxc4 8.
Bxf6 gxf6 9. g3 Nd7 10. Bg2 Bg7 11. O-O O-O 12. a4 f5 13. e3 c5 14. Nb5 cxd4
15. exd4 Nb6 16. Ne5 a6 17. Nd6 Bxe5 18. dxe5 Qxe5 19. Rfd1 a5 20. Nxc4 Nxc4
21. Qxc4 Qxb2 22. Rab1 Qf6 23. Qc7 Kg7 24. Rb5 Re8 25. Rxa5 Rxa5 26. Qxa5 e5
27. Qc7 e4 28. Bf1 Qe5 29. Rc1 Qb2 30. Rc2 Qa1 31. a5 Be6 32. Rc1 Qb2 33. Rc2
Qb3 34. Qe5+ Kg6 35. Rb2 Qd5 36. Qf4 Rc8 37. Rb6 Qxa5 38. Rxb7 Qe1 39. Rb8 Rxb8
40. Qxb8 Bc4 41. Qg8+ Kh5 0-1

[Event "LLucmajor Open 2014"]
[Site "LLucmajor ESP"]
[Date "2014.05.13"]
[Round "4.4"]
[White "Mascaro March, Pedro"]
[Black "Del Rio Angelis, Salvador Gabriel"]
[Result "0-1"]
[WhiteElo "2398"]
[BlackElo "2510"]
[PlyCount "92"]
[EventDate "2014.05.11"]
[EventType "swiss"]
[EventRounds "9"]
[EventCountry "ESP"]
[Source "lmi"]
[SourceDate "2014.05.11"]

1. d4 d6 2. Nf3 Nf6 3. c4 Nbd7 4. Nc3 e5 5. e4 Be7 6. Be2 O-O 7. O-O exd4 8.
Nxd4 Re8 9. f4 Bf8 10. Bf3 c6 11. Qc2 Nb6 12. b3 Bg4 13. h3 Bxf3 14. Nxf3 Nbd7
15. Bb2 a6 16. Rad1 Qb6+ 17. Kh2 Qc7 18. g3 Rac8 19. Rfe1 h6 20. Re2 Nc5 21.
Rde1 b5 22. cxb5 axb5 23. e5 dxe5 24. Nxe5 Ne6 25. Ne4 Nxe4 26. Rxe4 Ra8 27.
Ba1 Ra6 28. a4 Nc5 29. axb5 Rxa1 30. Rxa1 Nxe4 31. Qxe4 cxb5 32. h4 Rd8 33. Nc6
Rc8 34. Rc1 Qd7 35. Rc2 Re8 36. Ne5 Qd1 37. Qc6 Ra8 38. Qc7 Ra7 39. Qc6 Qb1 40.
Rc3 Ra2+ 41. Kh3 Qf5+ 42. g4 Qxf4 43. Nf3 Rf2 44. Rd3 h5 45. gxh5 f5 46. Qe6+
Kh8 0-1

[Event "LLucmajor Open 2014"]
[Site "LLucmajor ESP"]
[Date "2014.05.13"]
[Round "4.5"]
[White "Movsziszian, Karen"]
[Black "Panelo Muñoz, Marcelo A"]
[Result "1-0"]
[WhiteElo "2503"]
[BlackElo "2438"]
[PlyCount "51"]
[EventDate "2014.05.11"]
[EventType "swiss"]
[EventRounds "9"]
[EventCountry "ESP"]
[Source "lmi"]
[SourceDate "2014.05.11"]

1. g3 c5 2. Bg2 Nc6 3. d3 g6 4. f4 Bg7 5. Nf3 d6 6. O-O e5 7. fxe5 dxe5 8. Be3
Qe7 9. Nc3 Nf6 10. Bg5 Qd7 11. Kh1 Ng4 12. e4 h6 13. Bd2 O-O 14. Nd5 f5 15. Nh4
Qd6 16. exf5 gxf5 17. h3 e4 18. hxg4 Qxd5 19. gxf5 Qe5 20. Ng6 Qxb2 21. Rb1 Qd4
22. Nxf8 e3 23. Bc1 Bxf8 24. Bb2 Qd8 25. Qg4+ Qg5 26. Qc4+ 1-0

[Event "LLucmajor Open 2014"]
[Site "LLucmajor ESP"]
[Date "2014.05.13"]
[Round "4.6"]
[White "Sumets, Andrey"]
[Black "Kalegin, Evgenij"]
[Result "1-0"]
[WhiteElo "2633"]
[BlackElo "2461"]
[PlyCount "101"]
[EventDate "2014.05.11"]
[EventType "swiss"]
[EventRounds "9"]
[EventCountry "ESP"]
[Source "lmi"]
[SourceDate "2014.05.11"]

1. d4 Nf6 2. c4 c5 3. d5 b5 4. Qc2 d6 5. e4 g6 6. cxb5 a6 7. Nc3 Bg7 8. Nf3 O-O
9. a4 axb5 10. Bxb5 Na6 11. O-O Nb4 12. Qe2 Ba6 13. Bg5 Ne8 14. Bxa6 Rxa6 15.
Qd2 Nc7 16. Bh6 Bxh6 17. Qxh6 f6 18. Qd2 Rb6 19. Rfe1 Qd7 20. b3 Rfb8 21. Rab1
Nba6 22. Qc2 Nb4 23. Qd1 Qg4 24. h3 Qh5 25. Ne2 Qh6 26. Nc3 R6b7 27. Re3 Qg7
28. Kh2 Rf8 29. g4 Kh8 30. Qd2 Rbb8 31. Rg1 Nba6 32. Qd1 Rb4 33. Na2 Rbb8 34.
Rg3 c4 35. bxc4 Rb2 36. Re2 Rfb8 37. Nc3 f5 38. Nb5 f4 39. Rg1 Nxb5 40. axb5
Rxe2 41. Qxe2 Nc5 42. e5 h6 43. Ra1 Nd7 44. Ra7 Nxe5 45. Nxe5 dxe5 46. d6 Re8
47. d7 Rd8 48. c5 e4 49. Qxe4 Qb2 50. Qxf4 Kg7 51. c6 1-0

[Event "LLucmajor Open 2014"]
[Site "LLucmajor ESP"]
[Date "2014.05.14"]
[Round "5.1"]
[White "Fedorchuk, Sergey A"]
[Black "Solodovnichenko, Yuri"]
[Result "1-0"]
[WhiteElo "2638"]
[BlackElo "2574"]
[PlyCount "127"]
[EventDate "2014.05.11"]
[EventType "swiss"]
[EventRounds "9"]
[EventCountry "ESP"]
[Source "lmi"]
[SourceDate "2014.05.11"]

1. e4 e5 2. Nf3 Nf6 3. Nxe5 d6 4. Nf3 Nxe4 5. d4 d5 6. Bd3 Nc6 7. O-O Be7 8.
Nc3 Nxc3 9. bxc3 Bg4 10. Re1 O-O 11. Bf4 Bd6 12. Bxd6 Bxf3 13. Qxf3 Qxd6 14.
Re3 Rae8 15. Rae1 Rxe3 16. Rxe3 Nb8 17. c4 dxc4 18. Bxc4 c6 19. Re8 Qc7 20.
Rxf8+ Kxf8 21. Qa3+ c5 22. Qxa7 cxd4 23. Qxd4 Nd7 24. h3 Nc5 25. g3 b6 26. h4
h6 27. Qd5 Nb7 28. Bb5 Nc5 29. Kg2 Ke7 30. Bc4 Qb7 31. Kf3 Qxd5+ 32. Bxd5 f6
33. Ke3 Kd6 34. Kd4 Na6 35. Kc4 b5+ 36. Kd4 Nb4 37. Bb3 Nc6+ 38. Ke4 Ne7 39. h5
Kc5 40. a3 Kd6 41. c4 bxc4 42. Bxc4 Kc5 43. Bf7 Kd6 44. a4 Nc6 45. Be8 Na5 46.
Kf5 Ke7 47. Bb5 Nb7 48. Bc6 Nd6+ 49. Kg6 Kf8 50. a5 Nc4 51. Bd5 Nd6 52. a6 Nb5
53. Bc6 Na7 54. Bd7 Kg8 55. Kf5 Kf7 56. Ke4 Ke7 57. Bh3 Kd6 58. Kd4 Kc6 59.
Bg2+ Kd6 60. Bb7 Nb5+ 61. Kc4 Na7 62. Kb4 Kd7 63. Kc5 Kc7 64. f3 1-0

[Event "LLucmajor Open 2014"]
[Site "LLucmajor ESP"]
[Date "2014.05.14"]
[Round "5.2"]
[White "Agdestein, Simen"]
[Black "Movsziszian, Karen"]
[Result "0-1"]
[WhiteElo "2625"]
[BlackElo "2503"]
[PlyCount "74"]
[EventDate "2014.05.11"]
[EventType "swiss"]
[EventRounds "9"]
[EventCountry "ESP"]
[Source "lmi"]
[SourceDate "2014.05.11"]

1. d4 d6 2. c4 e5 3. Nc3 Nd7 4. e4 g6 5. d5 a5 6. Bd3 Bg7 7. Nge2 Ne7 8. O-O
O-O 9. Ng3 Nc5 10. Bc2 f5 11. exf5 Nxf5 12. Nge4 Nxe4 13. Bxe4 Bd7 14. Qd3 Qe7
15. Bd2 b6 16. a4 Bh6 17. Be1 Qg5 18. Nb5 Rac8 19. Ra3 Rf7 20. b4 axb4 21. Bxb4
Nh4 22. Qc2 Bf5 23. Rg3 Qh5 24. Bxf5 Nxf5 25. Rh3 Qg4 26. Re1 Ra8 27. Re4 Bf4
28. Ra3 Nh4 29. f3 Qh5 30. h3 Qg5 31. Be1 Nf5 32. Bf2 h5 33. Nc3 Ne3 34. Bxe3
Bxe3+ 35. Kf1 Bc5 36. Ra2 Qg3 37. Re2 Rxf3+ 0-1